| 000 | 00491nam a2200169Ia 4500 | ||
|---|---|---|---|
| 999 |
_c25745 _d25745 |
||
| 003 | OSt | ||
| 005 | 20211116143632.0 | ||
| 008 | 190216s9999||||xx |||||||||||||| ||und|| | ||
| 040 | _coclc | ||
| 082 |
_a894.8121 _bEZH/B |
||
| 100 |
_aEzhuthachan, Thunchath _97468 |
||
| 245 | 0 |
_aBheeshmaparvam / _cThunchath Ezhuthachan |
|
| 260 |
_bHouse Of Knowledge, _c1967. _aThrissur: |
||
| 300 | _a86p | ||
| 650 | _aKavitha | ||
| 942 |
_cBK _2ddc _h894.8121 _iEZH/B _k894.8121 _mEZH/B |
||